Normal view
MARC view
Entry Topical Term
001 - CONTROL NUMBER
- control field: 1115823
003 - CONTROL NUMBER IDENTIFIER
- control field: OSt
005 - DATE AND TIME OF LATEST TRANSACTION
- control field: 20260213154850.0
008 - FIXED-LENGTH DATA ELEMENTS
- fixed length control field: 260213|| aca||aabn | a|a d
040 ## - CATALOGING SOURCE
- Original cataloging agency: OSt
- Transcribing agency: OSt
150 ## - HEADING--TOPICAL TERM
- Topical term or geographic name entry element: हिन्दी भाषा
670 ## - SOURCE DATA FOUND
- Source citation: Work cat.: (OSt)1466821: दास, श्यामसुन्दर 861530, हिन्दी भाषा और साहित्य , 2024.
